| 000 | 00538nam a22001937a 4500 | ||
|---|---|---|---|
| 003 | OSt | ||
| 005 | 20140310181758.0 | ||
| 008 | 130702t xxu||||| |||| 00| 0 eng d | ||
| 020 | _a9712700003 | ||
| 050 |
_aCB 209 _b.M379 1990 |
||
| 082 |
_aFIL 912.599 _bM36 1990 |
||
| 100 | _aMartin, Perfecto T. | ||
| 245 |
_aAtlas Adarna : _bmga mapa ng Pilipinas para sa mga mag-aaral _cMartin, Perfecto T. |
||
| 260 |
_aPasig City _bAnvil Pub _cc1990. |
||
| 300 |
_a32 p. : _bill. ; _c30 cm. |
||
| 562 | _e1 | ||
| 942 |
_2lcc _cBK |
||
| 999 |
_c3541 _d3541 |
||